<?xml version="1.0" encoding="UTF-8"?><?xml-stylesheet type="text/xsl" href="static/style.xsl"?><OAI-PMH xmlns="http://www.openarchives.org/OAI/2.0/" xmlns:xsi="http://www.w3.org/2001/XMLSchema-instance" xsi:schemaLocation="http://www.openarchives.org/OAI/2.0/ http://www.openarchives.org/OAI/2.0/OAI-PMH.xsd"><responseDate>2026-04-17T03:47:12Z</responseDate><request verb="GetRecord" identifier="oai:www.recercat.cat:10256/2051" metadataPrefix="marc">https://recercat.cat/oai/request</request><GetRecord><record><header><identifier>oai:recercat.cat:10256/2051</identifier><datestamp>2024-11-19T08:46:35Z</datestamp><setSpec>com_2072_452955</setSpec><setSpec>com_2072_2054</setSpec><setSpec>col_2072_453066</setSpec></header><metadata><record xmlns="http://www.loc.gov/MARC21/slim" xmlns:dcterms="http://purl.org/dc/terms/" xmlns:xsi="http://www.w3.org/2001/XMLSchema-instance" xmlns:doc="http://www.lyncode.com/xoai" xsi:schemaLocation="http://www.loc.gov/MARC21/slim http://www.loc.gov/standards/marcxml/schema/MARC21slim.xsd">
   <leader>00925njm 22002777a 4500</leader>
   <datafield ind2=" " ind1=" " tag="042">
      <subfield code="a">dc</subfield>
   </datafield>
   <datafield ind2=" " ind1=" " tag="720">
      <subfield code="a">Pavón, David</subfield>
      <subfield code="e">author</subfield>
   </datafield>
   <datafield ind2=" " ind1=" " tag="720">
      <subfield code="a">Pintó i Fusalba, Josep</subfield>
      <subfield code="e">author</subfield>
   </datafield>
   <datafield ind2=" " ind1=" " tag="720">
      <subfield code="a">Ribas Palom, Anna</subfield>
      <subfield code="e">author</subfield>
   </datafield>
   <datafield ind2=" " ind1=" " tag="720">
      <subfield code="a">Martí, Carolina</subfield>
      <subfield code="e">author</subfield>
   </datafield>
   <datafield ind2=" " ind1=" " tag="260">
      <subfield code="c">2007</subfield>
   </datafield>
   <datafield ind2=" " ind1=" " tag="520">
      <subfield code="a">Grup de Recerca Medi Ambient i Tecnologies de la Informació Geogràfica</subfield>
   </datafield>
   <datafield ind2=" " ind1=" " tag="520">
      <subfield code="a">L’any 2001, la Càtedra de Geografia i Pensament Territorial de la Universitat de Girona va rebre l’encàrrec de l’Ajuntament de Figueres d’analitzar les característiques de l’espai no urbanitzat del municipi i voltants immediats, sobretot des de la seva perspectiva paisatgística i del medi natural. Aquest encàrrec s’emmarcava dins dels estudis previs a la revisió del Pla general d’ordenació urbana de Figueres. El resultat fou la confecció del document que porta per títol: “Estudi del medi natural i del paisatge geogràfic de Figueres”. Per mitjà d’aquesta comunicació, es volen oferir els resultats més rellevants als quals s’arribà llavors. Es farà un cop d’ull a les unitats de paisatge geogràfic del municipi de Figueres identificades en el treball, quines són les seves característiques, els seus potencials però també les seves amenaces. El document havia de ser una eina que ajudés a incorporar, adequadament, els valors que apleguen aquests paisatges i espais a l’ordenació futura del municipi. D’aquí que, al text, s’acabin proposant algunes línies d’actuació per a millorar-ne la seva gestió, sobretot des del punt de vista urbanístic</subfield>
   </datafield>
   <datafield ind1="8" ind2=" " tag="024">
      <subfield code="a">http://hdl.handle.net/10256/2051</subfield>
   </datafield>
   <datafield tag="653" ind2=" " ind1=" ">
      <subfield code="a">Paisatge -- Catalunya -- Figueres</subfield>
   </datafield>
   <datafield tag="653" ind2=" " ind1=" ">
      <subfield code="a">Landscape -- Catalonia -- Figueres</subfield>
   </datafield>
   <datafield ind2="0" ind1="0" tag="245">
      <subfield code="a">Les Unitats de paisatge geogràfic a l'entorn de Figueres i els reptes de la seva gestió al llindar del segle XXI</subfield>
   </datafield>
</record></metadata></record></GetRecord></OAI-PMH>